00774nam a2200193 a 450000100100000000500170001000800410002704000250006810000240009324500430011726000540016030000210021449000290023559000750026483000360033904900090037595201790038499900170056300003584820200930074648.0111115s1955 fr 000 0 spa d aDO-SdBNPbspacBNPHU1 aDagognet, F.96182510aPhilosophie biologique /cF. Dagognet. aParis :bPresses Universitaires de France,c1955. a106 p. ;c20 cm.1 aInitiation Philosophique aPerteneció a la biblioteca personal de Juan Isidro Jimenes Grullón 0aInitiation Philosophique961826 aBNPD 0010507-18MOaGRbGRcOId2011-11-15iLF1l0o p35848-10r2020-06-25w2020-06-25y1zPerteneció a la biblioteca personal de Juan Isidro Jimenes Grullón.ZNo se presta c35339d35339